2000 solved problems in numerical analysis / (Record no. 9267)
[ view plain ]
| 000 -LEADER | |
|---|---|
| fixed length control field | 00805nac a22002411u 4500 |
| 010 ## - | |
| -- | 89012398 |
| 020 ## - INTERNATIONAL STANDARD BOOK NUMBER | |
| International Standard Book Number | 0071006265 |
| 082 00 - DEWEY DECIMAL CLASSIFICATION NUMBER | |
| Classification number | 519.4076 |
| Item number | SCH |
| 090 ## - LOCALLY ASSIGNED LC-TYPE CALL NUMBER (OCLC); LOCAL CALL NUMBER (OCLC) | |
| -- | 9267 |
| -- | 9267 |
| 100 ## - MAIN ENTRY--PERSONAL NAME | |
| Personal name | Scheid, Francis J. |
| 245 10 - TITLE STATEMENT | |
| Title | 2000 solved problems in numerical analysis / |
| Statement of responsibility, etc | by Francis Scheid. |
| 260 ## - | |
| -- | New York : |
| -- | McGraw-Hill,1990 |
| -- | c1990. |
| 300 ## - PHYSICAL DESCRIPTION | |
| Extent | iv, 698 p. : |
| Other physical details | ill. ; |
| Dimensions | 28 cm. |
| 336 ## - CONTENT TYPE | |
| Source | rdacontent |
| Content type term | text |
| Content type code | txt |
| 337 ## - MEDIA TYPE | |
| Media type term | unmediated |
| Source | rdamedia |
| Media type code | n |
| 338 ## - CARRIER TYPE | |
| Carrier type term | volume |
| Carrier type code | nc |
| Source | rdacarrier |
| 440 #0 - | |
| -- | Schaum's solved problems series |
| 500 ## - GENERAL NOTE | |
| General note | Includes index. |
| 511 ## - | |
| -- | catalogued by: wessam |
| 650 #0 - SUBJECT ADDED ENTRY--TOPICAL TERM | |
| Topical term or geographic name as entry element | Numerical analysis |
| General subdivision | Problems, exercises, etc. |
| 740 0# - ADDED ENTRY--UNCONTROLLED RELATED/ANALYTICAL TITLE | |
| Uncontrolled related/analytical title | Two thousand solved problems in numerical analysis. |
| 942 ## - ADDED ENTRY ELEMENTS (KOHA) | |
| Koha item type | Book - Borrowing |
| Call number prefix | 519.4076SCH |
| Classification part | RDA-MOD |
| Withdrawn status | Lost status | Damaged status | Not for loan | Home library | Current library | Shelving location | Date acquired | Source of acquisition | Total Checkouts | Total Renewals | Full call number | Barcode | Date last seen | Date checked out | Price effective from | Koha item type |
|---|---|---|---|---|---|---|---|---|---|---|---|---|---|---|---|---|
| Central Library | Central Library | First floor | 24/04/2008 | Purchase | 4 | 4 | 519.4076SCH | 000011292 | 15/07/2025 | 03/02/2018 | 24/04/2008 | Book - Borrowing |